00730nam a2200121 4500008001600000082002100016100002300037245005200060260004000112300003700152505032500189650009400514759.972.8 P364p a759.972.8bP364p aEspIRA / La ESPORA a¡PECA!:bPintura Emergente ce Centro América aNicaraguabEspIRA / La ESPORAc2008 a80 p.bil. (col)c19,5 x 23,5 cm tIntroducciónrPatricia BellitProyecto de exposición. Egresados del taller de pintura Fase. Costa Rica, C.A.rJavier Calvo tEl juego del espíritu: Fernando AlemánrFernando Alemán MalespíntEl ser espectador centroamericano rAlejandro FlorestLa yegua blanca: Reflexión en dos dimensionesrDarwin Andino  xarte contemporáneoxarte - pinturaxpintura - Centroaméricaxpintura centroamericana